000 00751nam a2200241 4500
003 MX-MxINE
005 20260530113918.0
008 260509b1978 uxx||||| |||| 00| 0 eng d
040 _aICI
_bspa
_cICI
_erda
050 _aLB1028.3
_bY44 1978
100 _eautor
245 _aYellow pages of learning resources
264 _aCambridge, Mass.
_bMIT Press
_c1978
300 _a94 paginas:
_bilustraciones
336 _2rdacontent
_atexto
337 _2rdamedia
_asin medio
338 _2rdacarrier
_avolumen
500 _aDirectorio y guía de recursos educativos y materiales de aprendizaje.
650 _aRecursos educativos
_934372
650 _aMateriales didácticos
_934373
650 _aTecnología educativa.
_934374
942 _2lcc
_n1
_cBK
999 _c12365
_d12365